Por siempre unidos / (Registro nro. 70001)
[ vista simple ]
| 000 -LEADER | |
|---|---|
| fixed length control field | 01161cam a2200337 i 4500 |
| 001 - CONTROL NUMBER | |
| control field | 70001 |
| 003 - CONTROL NUMBER IDENTIFIER | |
| control field | Mx-PuUPA |
| 005 - DATE AND TIME OF LATEST TRANSACTION | |
| control field | 20260131130318.0 |
| 008 - FIXED-LENGTH DATA ELEMENTS--GENERAL INFORMATION | |
| fixed length control field | 140415s2015 sp gr 000 f spa d |
| 017 ## - COPYRIGHT OR LEGAL DEPOSIT NUMBER | |
| Copyright or legal deposit number | B-2.521-2015 |
| 020 ## - INTERNATIONAL STANDARD BOOK NUMBER | |
| International Standard Book Number | 9788492916863 |
| 040 ## - CATALOGING SOURCE | |
| Original cataloging agency | MX-PuUPA |
| Language of cataloging | spa |
| Description conventions | rda |
| Transcribing agency | Mx-PuUPA |
| Modifying agency | Mx-PuUPA |
| 041 1# - LANGUAGE CODE | |
| Language code of text/sound track or separate title | spa |
| Language code of original | eng |
| 100 1# - MAIN ENTRY--PERSONAL NAME | |
| Personal name | Reid, Taylor Jenkins, |
| Dates associated with a name | 1983- |
| Relator term | autor |
| 9 (RLIN) | 17772 |
| 240 10 - UNIFORM TITLE | |
| Uniform title | Forever, interrupted. |
| Language of a work | Español |
| 245 10 - TITLE STATEMENT | |
| Title | Por siempre unidos / |
| Statement of responsibility, etc. | Taylor Jenkins Reid ; traducción, Encarna Quijada Vargas |
| 250 ## - EDITION STATEMENT | |
| Edition statement | 1a edición / |
| Remainder of edition statement | marzo |
| 264 #1 - PRODUCTION, PUBLICATION, DISTRIBUTION, MANUFACTURE, AND COPYRIGHT NOTICE | |
| Place of production, publication, distribution, manufacture | Barcelona : |
| Name of producer, publisher, distributor, manufacturer | Ediciones Urano, |
| Date of production, publication, distribution, manufacture, or copyright notice | ©2015 |
| 300 ## - PHYSICAL DESCRIPTION | |
| Extent | 284 páginas ; |
| Dimensions | 23 cm |
| 336 ## - CONTENT TYPE | |
| Content type term | texto |
| Fuente | rdacontent |
| Content type code | txt |
| 336 ## - CONTENT TYPE | |
| Content type term | imagen fija |
| Fuente | rdacontent |
| Content type code | sti |
| 337 ## - MEDIA TYPE | |
| Media type term | sin medio |
| Source | rdamedia |
| Media type code | n |
| 337 ## - MEDIA TYPE | |
| Media type term | informático |
| Source | rdamedia |
| Media type code | c |
| 650 #7 - SUBJECT ADDED ENTRY--TOPICAL TERM | |
| Topical term or geographic name entry element | Duelo |
| Source of heading or term | armarc |
| Form subdivision | Novela |
| 700 1# - ADDED ENTRY--PERSONAL NAME | |
| Personal name | Iwasa, Janet, |
| Relator term | autor |
| 700 1# - ADDED ENTRY--PERSONAL NAME | |
| Personal name | Quijada Vargas, Encarna |
| Relator term | traductor |
| 765 0# - ORIGINAL LANGUAGE ENTRY | |
| Main entry heading | Reid, Taylor Jenkins, 1983- |
| Title | Forever, interrupted. |
| Place, publisher, and date of publication | New York : Simon & Schuster, ©2013 |
| 942 ## - ADDED ENTRY ELEMENTS (KOHA) | |
| Classification part | 813.6 |
| Item part | R3418 |
| Koha item type | Libro |
| Source of classification or shelving scheme | Dewey Decimal Classification |
| Withdrawn status | Lost status | Source of classification or shelving scheme | Damaged status | Not for loan | Collection code | Home library | Current library | Shelving location | Date acquired | Total Checkouts | Full call number | Barcode | Date last seen | Price effective from | Koha item type |
|---|---|---|---|---|---|---|---|---|---|---|---|---|---|---|---|
| Dewey Decimal Classification | General | Tehuacán | Tehuacán | Sala general | 20/02/2026 | 813.6 R3418 2015 | 968000002871 | 03/03/2026 | 20/02/2026 | Libro |